| 000 | 00610nam a22002297a 4500 | ||
|---|---|---|---|
| 999 |
_c4436 _d4436 |
||
| 001 | 4436 | ||
| 003 | BD-JhCC | ||
| 005 | 20180404093840.0 | ||
| 008 | 171127s1968 pk ab||| |||| 000 0 eng d | ||
| 035 | _a(BD-JhCC)4436 | ||
| 040 |
_aBD-JhCC _dBD-JhCC |
||
| 041 | _aeng | ||
| 082 |
_a954.92 _bFEL 1968 |
||
| 100 | _aFeldman, Herbert | ||
| 245 |
_aPakistan : _bAn Introduction / _cHerbert Feldman |
||
| 260 |
_aKarachi : _bOxford University Press Pakistan Branch, _c1968. |
||
| 300 |
_a143 p. : _bill. ; _c22 cm. |
||
| 504 | _aIncludes Bibiliography | ||
| 650 | _aPakistan | ||
| 942 |
_2ddc _cBK |
||